• 首页
  • 本馆介绍
  • 公告通知
  • 最新文献
  • 馆藏检索
  • 电子资源
  • 读者导购
  • 参考咨询
  • 我的图书馆
  • 登录
  • 详细信息显示
  • 放入我的书架
  • 预约/预借图书
  • 作者相关作品
  • 分类相关作品
  • 丛书相关作品
  • 出版社相关作品

书目信息

  • 表格格式
  • 工作单格式
  • 卡片格式
题名:
好莱坞与《艺伎回忆录》
    
 
作者: 爱米粒 编著
分册:  
出版信息: 北京   中国广播电视出版社  2005.12
页数: 157页
开本: 22cm
丛书名:
单 册:
中图分类: J905.712
科图分类:
主题词: 故事片 , 电影评论
电子资源:
ISBN: 7-5043-4792-2
000 00880nam0 2200265 450
001 003121336
005 20070614151825.70
010    @a7-5043-4792-2@dCNY29.80
100    @a20060210d2005 em y0chiy0110 ea
101 0  @achi
102    @aCN@b110000
105    @aa z 000yy
200 1  @a好莱坞与《艺伎回忆录》@AHao Lai Wu Yu《 Yi Ji Hui Yi Lu》@f爱米粒编著@FAi Mi Li Bian Zhu
210    @a北京@c中国广播电视出版社@d2005.12
215    @a157页@c照片@d22cm@d1光盘
330    @a本书运用大量的来自全球各大媒体的第一手资料,讲述了《艺伎回忆录》电影和那些明星们所创造的奇迹,在激烈的争论和浮华后面掩藏着的真实真相。
605    @a故事片@x电影评论@y美国@z现代
606 0  @a故事片
606 0  @a电影评论
610 0  @a艺伎回忆录
690    @aJ905.712@v4
701  0 @a爱米粒@AAi Mi Li@4编著
801  0 @aCN@bNLC@c20070614
905    @aBZT@dJ905.712@e2
906    @dCNY29.80@n0@r1
    
    好莱坞与《艺伎回忆录》/爱米粒编著.-北京:中国广播电视出版社,2005.12
    157页:照片;22cm;1光盘
    
    
    ISBN 7-5043-4792-2:CNY29.80
    本书运用大量的来自全球各大媒体的第一手资料,讲述了《艺伎回忆录》电影和那些明星们所创造的奇迹,在激烈的争论和浮华后面掩藏着的真实真相。
●
相关链接 在五车中查询图书 在当当中查询图书 在豆瓣中查询图书


正题名:好莱坞与《艺伎回忆录》     索取号:J905.712/2         预约/预借

序号 登录号 条形码 馆藏地/架位号 状态 备注
1 557989   230124551   中心书库中库/ 中库021架B面5列4层9/ [索取号:J905.712/2] 在馆    
2 557990   230124550   中心书库中库/ 中库021架B面5列4层10/ [索取号:J905.712/2] 在馆    
3 557991   230124549   中心书库中库/ 中库021架B面5列4层8/ [索取号:J905.712/2] 在馆    
4 557992   230124548   中心书库中库/ 中库020架A面1列5层49/ [索取号:J905.712/2] 在馆    
5 557993   230124547   中心书库中库/ 中库021架B面5列4层2/ [索取号:J905.712/2] 在馆    
6 557994   230124546   中心书库中库/ 中库021架B面5列4层7/ [索取号:J905.712/2] 在馆    
7 557995   230124545   中心书库中库/ 中库021架B面5列4层6/ [索取号:J905.712/2] 在馆    
8 557996   230124544   中心书库中库/ 中库021架B面5列4层3/ [索取号:J905.712/2] 在馆    
9 557997   230124543   中心书库中库/ 中库021架B面5列4层5/ [索取号:J905.712/2] 在馆    
10 557998   230124542   中心书库中库/ 中库021架B面5列4层4/ [索取号:J905.712/2] 在馆    
山东省滨州职业学院图书馆 欢迎您!
大连网信软件有限公司© 版权所有